Tradičné a regionálne výrobky v rámci Politiky kvality EÚ vysvetlenie základných pojmov

Gespeichert in:
Bibliographische Detailangaben
1. Verfasser: Jarossová, Malgorzata Agnieszka, 1978-
Format: Buchkapitel
Sprache:Slowakisch
Schlagworte:
Tags: Tag hinzufügen
Keine Tags, Fügen Sie das erste Tag hinzu!

MARC

LEADER 00000nla a2200000 4500
001 0228751
005 20240502073749.7
041 0 |a slo 
044 |a SK 
245 1 0 |a Tradičné a regionálne výrobky v rámci Politiky kvality EÚ  |b vysvetlenie základných pojmov  |c Malgorzata A. Jarossová 
610 2 0 |a potraviny 
610 2 0 |a kvalita potravín 
610 2 0 |a označovanie tovarov 
610 2 0 |a logo 
610 2 0 |a kvalita výrobkov 
610 2 0 |a značky kvality 
610 2 0 |a značky výrobkov 
610 2 0 |a regióny 
610 2 0 |a Slovensko 
100 1 |a Jarossová, Malgorzata Agnieszka, 1978-